000 00723nam a22002297a 4500
003 DO-SdBNP
005 20180216143336.0
008 160718 1998 sp a spa d
020 _a8424155157
040 _aBPMSU
_bspa
_cBPMSU
092 _axxxxx
_bxxxxx
240 1 0 _aTales from the arabian nights /
245 1 0 _aCuentos de las mil y una noches /
_cadaptado por Peter Oliver ; ilustraciones Tessa Hamilton ; traducción Begoña Mateos
250 _a3a. ed.
260 _aLeón, España :
_bEverest,
_c1998.
300 _a156 p. :
_bil. ;
_c28 cm.
700 1 2 _aHamilton, Tessa
_eil.
700 1 2 _aMateos, Begoña
_etrad.
942 _2ddc
_cBK
945 _aInventariado, 2018 / BT
956 _2YLOCKWARD
_310
_8BPMSU
_a00144
999 _c12502
_d12502